Cenová stabilita v aktualizovaných konvergenčných programoch krajín V4

Cenová stabilita v konvergenčných programoch krajín V4. Maastrichtské kritérium cenovej stability a Slovensko. Hospodárska politika zameraná na maastrichtské kritérium cenovej stability a jej riziká v ostatných krajinách V4.

Na minha lista:
Detalhes bibliográficos
Autor principal: Balcárková, Soňa
Formato: Capítulo de Livro
Idioma:eslovaco
Assuntos:
Tags: Adicionar Tag
Sem tags, seja o primeiro a adicionar uma tag!

MARC

LEADER 00000nla$a2200000$$$4500
001 0077239
005 20220801085323.3
041 0 |a slo 
044 |a CZ 
245 1 0 |a Cenová stabilita v aktualizovaných konvergenčných programoch krajín V4  |c Soňa Balcárková 
520 |a Cenová stabilita v konvergenčných programoch krajín V4. Maastrichtské kritérium cenovej stability a Slovensko. Hospodárska politika zameraná na maastrichtské kritérium cenovej stability a jej riziká v ostatných krajinách V4. 
610 2 0 |a programy 
610 2 0 |a konvergencia 
610 2 0 |a stabilita cien 
610 2 0 |a Európska únia 
610 2 0 |a Vyšehradská štvorka 
610 2 0 |a Slovensko 
100 1 |a Balcárková, Soňa